কালকেতু উপাখ্যান : (Record no. 3234)
[ view plain ]
| 000 -LEADER | |
|---|---|
| fixed length control field | 01026nam a22002417a 4500 |
| 001 - CONTROL NUMBER | |
| JCCL Control Number | 3234 |
| 003 - CONTROL NUMBER IDENTIFIER | |
| JCCL marc code | BD-JhCC |
| 005 - DATE AND TIME OF LATEST TRANSACTION | |
| control field | 20171113185529.0 |
| 008 - FIXED-LENGTH DATA ELEMENTS--GENERAL INFORMATION | |
| fixed length control field | 171111s1967 bg |||| |||| 000 0 ben d |
| 035 ## - SYSTEM CONTROL NUMBER | |
| system control number | (BD-JhCC)3234 |
| 040 ## - CATALOGING SOURCE | |
| Original cataloging agency | BD-JhCC |
| Modifying agency | BD-JhCC |
| 041 ## - LANGUAGE CODE | |
| Language code of Book | ben |
| 082 ## - DEWEY DECIMAL CLASSIFICATION NUMBER | |
| Classification number | 891.4409 |
| Author mark and Year | CHO 1967 |
| 100 ## - MAIN ENTRY--PERSONAL NAME | |
| Personal name | চক্রবর্তী, মুকুন্দরাম |
| 245 ## - TITLE STATEMENT | |
| Title | কালকেতু উপাখ্যান : |
| Remainder of title | চন্ডীমঙ্গল কাব্য থেকে / |
| Statement of responsibility, etc | মুকুন্দরাম চক্রবর্তী; সম্পাদনায় মুহাম্মদ আবদুল হাই ও আনোয়ার পাশা |
| 260 ## - PUBLICATION, DISTRIBUTION, ETC. (IMPRINT) | |
| Place of publication, distribution, etc | ঢাকা: |
| Name of publisher, distributor, etc | স্টুডেন্ট ওয়েজ, |
| Date of publication, distribution, etc | ১৯৬৭. |
| 300 ## - PHYSICAL DESCRIPTION | |
| Pagination | ২১৩ পৃ. : |
| Dimensions | ২২ সেমি. |
| 650 ## - SUBJECT ADDED ENTRY--TOPICAL TERM | |
| Topical term or geographic name as entry element | Bengali Literature |
| 700 ## - ADDED ENTRY--PERSONAL NAME | |
| Personal name | হাই, মুহাম্মদ আবদুল |
| 700 ## - ADDED ENTRY--PERSONAL NAME | |
| Personal name | আনোয়ার পাশা |
| 942 ## - ADDED ENTRY ELEMENTS (KOHA) | |
| Source of classification or shelving scheme | Dewey Decimal Classification |
| Koha item type | Books |
| Source of classification or shelving scheme | Damaged status | Not for loan | Home library | Current library | Shelving location | Date of accession | Cost, normal purchase price | Total Checkouts | Full call number | Barcode | Date last seen | Copy number | Koha item type |
|---|---|---|---|---|---|---|---|---|---|---|---|---|---|
| Dewey Decimal Classification | JCC Rouf Library | JCC Rouf Library | General Stacks | 11/11/2017 | 6.50 | 891.4409 CHO 1967 | 3780 | 11/11/2017 | C-1 | Books |